Culture Générale - Clic Quiz - La réponse est en emoji par IA #25 - Statistiques

Statistiques générales
  • Ce quiz a été pris 208 fois
  • Le résultat moyen est 21 sur 40
Statistiques - réponses
Hint Réponse % Correct
Minnie
93%
Hillary Clinton
92%
Daisy Duck
89%
Ariel
89%
Oprah Winfrey
82%
Mariah Carey
80%
Bellatrix Lestrange (Helena Bonham Carter)
79%
Claire Chazal
79%
Daenerys Targaryen
75%
Cara Delevingne
73%
Ginny Weasley (Bonnie Wright)
73%
Lucy Liu
67%
Luna Lovegood (Evanna Lynch)
65%
Demi Moore
61%
Mila Kunis
58%
Sharon Stone
58%
Coco Gauff
54%
Cersei Lannister
52%
Brienne de Torth
48%
Catelyn Stark
48%
Alexia Putellas
45%
Florence Pugh
45%
Aaliyah
42%
Lorde
39%
Kat Dennings (Max Black dans Two Broke Girls)
39%
Georgina Rodriguez
39%
Jennifer Love Hewitt
39%
Ana de Armas
38%
Susan Sarandon
38%
Natalie Dormer
37%
Jennifer Morrison
33%
Shania Twain
32%
Kim Wilde
31%
Nancy Pelosi
30%
Rosalind Franklin
30%
Sophia Loren
28%
Beth Behrs (Caroline Channing dans Two Broke Girls)
21%
Valentina Terechkova
19%
Jennifer Tilly
15%
Clarice Lispector
10%
Aucun quiz correspondant
Distribution des résultats
% des personnes avec chaque résultat
Percentile par nombre de réponses
Votre historique - résultats
Vous n’avez pas pris ce quiz